Newcastle United Transfers 2010-2019 - Statistics

General Stats
  • This quiz has been taken 664 times
    444 since last reset
  • The average score is 34 of 70
Answer Stats
Season In/Out Nationality Transfer Fee Answer % Correct
2011/12 In Senegal £10,000,000 Papiss Demba Cisse
88%
2016/17 Out Senegal £4,970,000 Papiss Demba Cissé
88%
2015/16 In Serbia £15,730,000 Aleksandar Mitrovic
79%
2012/13 Out Senegal £7,000,000 Demba Ba
79%
2010/11 In Ivory Coast £3,500,000 Ismael Tioté
79%
2018/19 Out Serbia £20,200,000 Aleksandar Mitrovic
78%
2011/12 In France £5,000,000 Yohan Cabaye
76%
2013/14 Out France £20,000,000 Yohan Cabaye
76%
2015/16 In Netherlands £17,000,000 Georginio Wijnaldum
75%
2016/17 Out Netherlands £23,380,000 Georginio Wijnaldum
75%
2012/13 In France £2,500,000 Moussa Sissoko
74%
2016/17 Out France £29,750,000 Moussa Sissoko
74%
2011/12 In Italy £5,300,000 Davide Santon
72%
2015/16 Out Italy £3,150,000 Davide Santon
72%
2010/11 In France £5,750,000 Hatem Ben Arfa
72%
2016/17 In U.S.A £5,020,000 DeAndre Yedlin
67%
2018/19 In Switzerland £4,000,000 Fabian Schar
66%
2018/19 In Slovakia £4,000,000 Martin Dubravka
66%
2016/17 In Scotland £10,200,000 Matt Ritchie
65%
2015/16 In England £13,600,000 Jonjo Shelvey
64%
2016/17 In Ireland £5,100,000 Ciaran Clark
59%
2018/19 In Japan £10,700,000 Yoshinori Muto
59%
2015/16 In D.R.Congo £10,200,000 Chancel Mbemba
55%
2018/19 Out D.R.Congo £4,500,000 Chancel Mbemba
55%
2018/19 In Argentina £6,700,000 Federico Fernandez
54%
2010/11 Out England £35,000,000 Andrew Carroll
53%
2016/17 Out Netherlands £7,570,000 Daryl Janmaat
50%
2014/15 In England £3,500,000 Jamaal Lascelles
50%
2013/14 In (loan) France £2,000,000 Loïc Remy
50%
2016/17 In England £10,200,000 Dwight Gayle
48%
2012/13 In France £5,500,000 Mathieu Debuchy
48%
2014/15 Out France £12,000,000 Mathieu Debuchy
48%
2017/18 In Ghana £7,500,000 Christian Atsu
47%
2014/15 In Netherlands £5,000,000 Daryl Janmaat
46%
2016/17 In Ireland £2,980,000 Daryl Murphy
46%
2017/18 Out England £2,300,000 Daryl Murphy
46%
2017/18 Out France £11,000,000 Florian Thauvin
46%
2017/18 In England £11,300,000 Jacob Murphy
46%
2017/18 In Spain £5,000,000 Javier Manquillo
46%
2012/13 In Netherlands £6,700,000 Vurnon Anita
46%
2015/16 In France £15,600,000 Florian Thauvin
43%
2017/18 Out Netherlands £2,300,000 Siem de Jong
42%
2014/15 In Netherlands £6,000,000 Siem de Jong
41%
2015/16 In England £13,350,000 Andros Townsend
40%
2016/17 Out England £13,260,000 Andros Townsend
40%
2016/17 In Senegal £4,590,000 Mohamed Diamé
40%
2014/15 In England £3,500,000 Karl Darlow
39%
2014/15 In France £12,000,000 Rémy Cabella
38%
2016/17 Out France £6,800,000 Rémy Cabella
38%
2016/17 In Morocco £2,980,000 Achraf Lazaar
36%
2016/17 In Belgium £5,610,000 Matz Sels
36%
2018/19 Out Belgium £4,000,000 Matz Sels
36%
2016/17 In Scotland £5,610,000 Grant Hanley
34%
2017/18 Out England £3,800,000 Grant Hanley
33%
2017/18 In Spain £5,500,000 Joselu
32%
2011/12 In France £3,000,000 Gabriel Obertan
30%
2011/12 Out Spain £6,300,000 Sanchez Jose Enrique
30%
2016/17 In England £2,470,000 Isaac Hayden
29%
2018/19 In Spain £7,000,000 Mikel Merino
29%
2018/19 Out Spain £12,000,000 Mikel Merino
29%
2011/12 Out England £3,500,000 Kevin Nolan
28%
2012/13 In France £6,700,000 Mapou Yanga-Mbiwa
26%
2014/15 Out France £5,000,000 Mapou Yanga-Mbiwa
26%
2015/16 In Senegal £5,100,000 Henri Saivet
25%
2012/13 Out Ireland £3,000,000 Leon Best
25%
2012/13 In France £2,000,000 Massadio Haidara
25%
2017/18 In France £10,000,000 Florian Lejeune
23%
2014/15 In France £6,300,000 Emmanuel Rivière
21%
2011/12 Out England £2,000,000 Wayne Routledge
8%
2012/13 Out England £2,000,000 Fraser Forster
1%
No matching quizzes found
Score Distribution
Percent of People with Each Score
Percentile by Number Answered
Your Score History
You have not taken this quiz since the last reset